MARC details
| 000 -CABECERA |
| campo de control de longitud fija |
02469cam a2200277 i 4500 |
| 001 - NÚMERO DE CONTROL |
| campo de control |
on1370903362 |
| 003 - IDENTIFICADOR DEL NÚMERO DE CONTROL |
| campo de control |
OCoLC |
| 005 - FECHA Y HORA DE LA ÚLTIMA TRANSACCIÓN |
| campo de control |
20251021165719.0 |
| 008 - DATOS DE LONGITUD FIJA--INFORMACIÓN GENERAL |
| campo de control de longitud fija |
230221t20222021fr 000 f fre d |
| 020 ## - NÚMERO INTERNACIONAL ESTÁNDAR DEL LIBRO |
| Número Internacional Estándar del Libro |
9782072977374 |
| 035 ## - NÚMERO DE CONTROL DEL SISTEMA |
| Número de control de sistema |
(OCoLC)1370903362 |
| Número de control cancelado/no válido |
(OCoLC)1338132852 |
| 040 ## - FUENTE DE LA CATALOGACIÓN |
| Centro catalogador/agencia de origen |
SMP |
| Lengua de catalogación |
eng |
| Normas de descripción |
rda |
| Centro/agencia transcriptor |
SMP |
| Centro/agencia modificador |
YDX |
| -- |
OCLCF |
| -- |
OCLCQ |
| -- |
OCLCO |
| -- |
OCLCL |
| -- |
OCLCQ |
| 041 ## - CÓDIGO DE LENGUA |
| Código de lengua del texto/banda sonora o título independiente |
fre |
| 050 ## - SIGNATURA TOPOGRÁFICA DE LA BIBLIOTECA DEL CONGRESO |
| Número de clasificación |
PQ2722.I43 |
| Número de documento/Ítem |
E64 2021 |
| 100 ## - ENTRADA PRINCIPAL--NOMBRE DE PERSONA |
| Nombre de persona |
Vigan, Delphine de |
| Término indicativo de función/relación |
author |
| 9 (RLIN) |
26236 |
| 245 14 - MENCIÓN DE TÍTULO |
| Título |
Les enfants sont rois |
| Mención de responsabilidad, etc. |
/ Delphine de Vigan. |
| 260 ## - PUBLICACIÓN, DISTRIBUCIÓN, ETC. |
| Lugar de publicación, distribución, etc. |
Paris : |
| Nombre del editor, distribuidor, etc. |
Gallimard, |
| Fecha de publicación, distribución, etc. |
2022. |
| 300 ## - DESCRIPCIÓN FÍSICA |
| Extensión |
363 pages ; |
| Dimensiones |
18 cm. |
| 520 8# - SUMARIO, ETC. |
| Sumario, etc. |
La première fois que Mélanie Claux et Clara Roussel se rencontrèrent, Mélanie s'étonna de l'autorité qui émanait d'une femme aussi petite et Clara remarqua les ongles de Mélanie, leur vernis rose à paillettes qui luisait dans l'obscurité. 'On dirait une enfant', pensa la première, 'elle ressemble à une poupée', songea la seconde. Même dans les drames les plus terribles, les apparences ont leur mot à dire.' À travers l'histoire de deux femmes aux destins contraires, Les enfants sont rois explore les dérives d'une époque où l'on ne vit que pour être vu. Des années Loft aux années 2030, marquées par le sacre des réseaux sociaux, Delphine de Vigan offre une plongée glaçante dans un monde où tout s'expose et se vend, jusqu'au bonheur familial |
| 520 8# - SUMARIO, ETC. |
| Sumario, etc. |
The first time Mélanie Claux and Clara Roussel met, Mélanie was struck by the authority radiating from such a small woman, while Clara noticed Mélanie’s nails—their pink glitter polish gleaming in the dark. “She looks like a child,” thought the former. “She looks like a doll,” thought the latter. Even in the most tragic of circumstances, appearances have their say.<br/><br/>Through the story of two women whose fates stand in stark contrast, Children Are Kings explores the excesses of an era obsessed with visibility. From the days of reality TV to the 2030s—an age defined by the reign of social media—Delphine de Vigan delivers a chilling dive into a world where everything is displayed and sold, even family happiness. |
| 650 #0 - PUNTO DE ACCESO ADICIONAL DE MATERIA--TÉRMINO DE MATERIA |
| Término de materia o nombre geográfico como elemento de entrada |
Internet personalities |
| Subdivisión de forma |
Fiction |
| 9 (RLIN) |
26237 |
| 650 #0 - PUNTO DE ACCESO ADICIONAL DE MATERIA--TÉRMINO DE MATERIA |
| Término de materia o nombre geográfico como elemento de entrada |
Social networks |
| Subdivisión de forma |
Fiction |
| 9 (RLIN) |
26238 |
| 650 #0 - PUNTO DE ACCESO ADICIONAL DE MATERIA--TÉRMINO DE MATERIA |
| Término de materia o nombre geográfico como elemento de entrada |
Missing children |
| Subdivisión de forma |
Fiction |
| 9 (RLIN) |
23688 |
| 758 ## - IDENTIFICADOR DEL RECURSO |
| Información de relación/Frase instructiva de referencia |
has work: |
| Etiqueta |
Les enfants sont rois (Text) |
| URI de un objeto del mundo real |
https://id.oclc.org/worldcat/entity/E39PCFVWF4xwrCtph448TrV3cP |
| Código de función |
https://id.oclc.org/worldcat/ontology/hasWork. |
| 942 ## - ELEMENTOS DE ENTRADA AGREGADA (KOHA) |
| Fuente del sistema de clasificación o colocación |
Clasificación de Library of Congress |